Encíclica Quadragesimo Anno / de S.S. Pío XI sobre la restauración del orden social (15 de mayo de 1931)

Guardado en:
Detalles Bibliográficos
Autor corporativo: Iglesia Católica. Papa (1922-1936. Pío XI)
Formato: Libro
Colección:Documentos Pontificios
Temas:
Etiquetas: Agrega una etiqueta
Sin etiquetas, Sé el primero en etiquetar este registro!

MARC

LEADER 00000nam^a2200000^u^4500
001 000551170
005 20250521000000.0
008 060220s1000^^^^^^^^^^^^r^^^^^000^0^spa^d
009 20260310131549.999
035 |a FMI 000020954 
037 |a Acervo Xavier Clavigero 
096 |a 5.4.4/9/A 
110 |a Iglesia Católica. Papa (1922-1936. Pío XI) 
245 1 0 |a Encíclica Quadragesimo Anno / de S.S. Pío XI sobre la restauración del orden social (15 de mayo de 1931) 
264 |a México : Ediciones Paulinas, 1960 
300 |a 73 p. 
336 |a texto  |b txt  |2 rdacontenido 
337 |a sin mediación  |b n  |2 rdamedio 
338 |a volumen  |b nc  |2 rdasoporte 
440 0 |a Documentos Pontificios 
649 |a XX 
650 |a Documentos Eclesiásticos 
910 |a Fondo Francisco Migoya Covarrubias S.J. 
920 |a Impresos - Libros 
930 |a Fondos Especiales 
905 |a 134 
901 |a SBC03757  |b IT2  |c ESP  |u 20250521 
902 |a https://opac.biblio.iteso.mx/vufind/Record/000551170